Alle Formel-1-Rennstrecken jemals - Statistiken

Allgemein
  • Dieses Quiz wurde 31 mal gespielt
  • Das Durchschnittsergebnis liegt bei 32 aus 77
Antworten auf der Karte
Die Antworten werden auf der Karte rot bzw. grün angezeigt, abhängig davon wie oft sie richtig erraten wurden.
 
Antwortstatistiken
Zeitraum Strecke % Korrekt
1996 - heute Albert Park Circuit
92%
1951 - 2020 Nürburgring
92%
1970 - 2019 Hockenheimring Baden-Württemberg
88%
2022 - heute Miami International Autodrome
84%
1991 - heute Circuit de Barcelona-Catalunya
80%
1969 - 1975 Circuit de Montjuïc
80%
1951 - 1954 Circuit de Pedralbes
80%
1950 - heute Circuit de Spa-Francorchamps
80%
1973 - heute Autódromo José Carlos Pace
76%
1981 -1982 Caesars Palace Grand Prix Circuit
76%
2023 - heute Las Vegas Strip Circuit
76%
1950 - heute Circuit de Monaco
72%
1968 - 1981 Circuito de Madrid Jarama - Race
72%
2005 - 2021 Istanbul Park Circuit
72%
1950 - heute Silverstone Circuit
72%
1980 - heute Autodromo Enzo e Dino Ferrari
68%
1963 - heute Autódromo Hermanos Rodríguez
68%
1978 - 1989 Autódromo Internacional Nelson Piquet
68%
1950 - heute Autodromo Nazionale Monza
68%
1986 - heute Hungaroring
68%
2009 - heute Yas Marina Circuit
68%
2012 - heute Circuit of The Americas
64%
1970 - heute Red Bull Ring
64%
2004 - heute Shanghai International Circuit
64%
1953 - 1998 Autódromo Juan y Oscar Alfredo Gálvez
60%
1959 AVUS
60%
2016 - heute Baku City Circuit
60%
1985 - 1995 Adelaide Street Circuit
56%
1978 - heute Circuit Gilles-Villeneuve
56%
1952 - heute Circuit Zandvoort
56%
1950 - 2007 Indianapolis Motor Speedway
56%
2021 - heute Losail International Circuit
56%
1987 - heute Suzuka International Racing Course
56%
1958 - heute Circuito da Boavista
52%
2008 - 2012 Valencia Street Circuit
52%
1959 Circuito de Monsanto
48%
2008 - heute Marina Bay Street Circuit
48%
1967 Circuit Bugatti
44%
1984 Dallas Fair Park Grand Prix Circuit
40%
1982 - 1988 Detroit Street Circuit
40%
2020 - 2021 Autódromo Internacional do Algarve
36%
2021 - heute Jeddah Corniche Circuit
36%
1999 - 2017 Sepang International Circuit
36%
2014 - 2021 Sochi Autodrom
36%
1958 Circuit d'Ain-Diab
32%
1989 - 1991 Phoenix Street Circuit
32%
1950 - 1954 Bremsgarten-Rundstrecke
28%
1986 - 1997 Circuito de Jerez
28%
1991 - 2008 Circuit de Nevers Magny-Cours
24%
1964 Flugplatz Zeltweg
24%
1955 -1962 Aintree Motor Racing Circuit
20%
1984 - 1996 Autódromo Fernanda Pires da Silva
20%
1964 - 1986 Brands Hatch
20%
1976 - 1983 Long Beach Grand Prix Circuit
20%
2020 Autodromo Internazionale del Mugello
16%
1971 - 2022 Circuit Paul Ricard
16%
1993 Donington Park Circuit
16%
2004 - heute Bahrain International Circuit
12%
1950 - 1966 Circuit de Reims-Gueux
12%
1976 - 2008 Fuji Speedway
12%
1961 - 1980 Watkins Glen International
12%
2011 - 2013 Buddh International Circuit
8%
1974 - 1984 Circuit de Dijon-Prenois
8%
1957 Circuito di Pescara
8%
2010 - 2013 Korean International Circuit
8%
1973 - 1978 Scandinavian Raceway
8%
1959 Sebring International Raceway
8%
1967 - 1977 Canadian Tire Motorsport Park
4%
1965 - 1972 Circuit de Charade
4%
1968 - 1970 Circuit Mont-Tremblant
4%
1973 - 1984 Circuit Zolder
4%
1994 - 1995 Okayama International Circuit
4%
1960 Riverside International Raceway
4%
1952 - 1968 Rouen-les-Essarts
4%
1972 - 1974 Complexe Européen de Nivelles-Baulers
0%
1967 - 1993 Kyalami Grand Prix Circuit
0%
1962 - 1965 Prince George Circuit
0%
Keine übereinstimmenden Quizze gefunden
Verteilung der Resultate
Anzahl Personen mit jedem Resultat
Perzentil nach korrekt beantworteten Fragen
Ihre Resultats-Entwicklung
Sie haben dieses Quiz noch nicht gespielt